| 000 | 00441nam a2200157Ia 4500 | ||
|---|---|---|---|
| 008 | 250522s9999 xx 000 0 und d | ||
| 020 | _a0136603904 (hardcover) | ||
| 082 | _a005.265 IRV | ||
| 100 | _aIrvine, Kip R., | ||
| 245 | 0 | _aAssembly language for Intel-based computers / | |
| 250 | _a3rd ed. | ||
| 260 |
_aUpper Saddle River, N.J. : _bPrentice-Hall, _c1999 |
||
| 300 | _axxix, 676 p. : | ||
| 600 | _aComputer Science | ||
| 942 | _cGB | ||
| 999 |
_c31178 _d31178 |
||